Statistics for New Zealand Prime Ministers' First Names

Click here to take the quiz!

General Stats

  • This quiz has been taken 27 times
  • The average score is 15 of 23

Answer Stats

SurnameFirst Name% Correct
LangeDavid
96%
ClarkHelen
96%
KeyJohn
96%
MuldoonRobert
96%
BolgerJim
92%
ShipleyJenny
88%
HolyoakeKeith
88%
KirkNorman
79%
SeddonRichard
79%
SavageMichael
75%
PalmerGeoffrey
71%
MooreMike
71%
MasseyWilliam
67%
RowlingBill
63%
HollandSidney
54%
MarshallJack
50%
FraserPeter
42%
Hall-JonesWilliam
38%
ForbesGeorge
33%
CoatesGordon
29%
WardJoseph
25%
MackenzieThomas
21%
BellFrancis
17%

Score Distribution

Percentile by Number Answered

Percent of People with Each Score

Your Score History

You have not taken this quiz